000
00254nam a22000977a 4500
022
_a
2394-2789
245
_a
INTERNATIONAL JOURNAL OF PHARMACEUTICAL CHEMISTRY AND ANALYSIS
260
_a
INDIA
_b
INNOVATIVE PBU.
_c
2015
310
_a
QUARTERLY
942
_2
ddc
_c
LJ
999
_c
7681
_d
7681